[Event "Campinas Oficina do Estudante 21st LCX"]
[Site "Campinas"]
[Date "2010.10.23"]
[Round "12"]
[White "Do Prado, Andrielle Souza Bri"]
[Black "Travessa, Diobel Gomes"]
[Result "0-1"]
[WhiteElo "1819"]
[BlackElo "1819"]
[PlyCount "70"]
[EventDate "2010.10.09"]
[EventType "tourn"]
[EventRounds "13"]
[EventCountry "BRA"]
[SourceTitle "EXT 2022"]
[Source "ChessBase"]
[SourceDate "2021.10.06"]
[SourceVersion "1"]
[SourceVersionDate "2021.10.06"]
[SourceQuality "1"]

1. d4 Nf6 2. c4 c6 3. Nc3 e6 4. Nf3 h6 5. e3 d5 6. Qc2 Bd6 7. Bd2 Ne4 8. Nxe4 dxe4 9. Qxe4 Nd7 10. Rc1 Qe7 11. a3 f5 12. Qh4 Qf7 13. Ng5 Qg8 14. Nh3 g5 15. Qh5+ Ke7 16. g4 Nf6 17. Nf4 Nxh5 18. Nxh5 fxg4 19. Be2 e5 20. dxe5 Bxe5 21. Bb4+ Ke8 22. Bd6 Bxb2 23. Rc2 Qf7 24. Rxb2 Qxh5 25. h3 Qg6 26. Rd2 gxh3 27. Bc7 Bf5 28. Be5 Rh7 29. Rd6 Be6 30. Bd3 Qg8 31. Bxh7 Qxh7 32. Rxe6+ Kf8 33. Rxh3 Rd8 34. Rhxh6 Qb1+ 35. Ke2 Qd1# 0-1

[Event "Campinas Oficina do Estudante 21st LCX"]
[Site "Campinas"]
[Date "2010.10.22"]
[Round "10"]
[White "Do Prado, Andrielle Souza Bri"]
[Black "Do Prado, Andressa Souza Brit"]
[Result "1-0"]
[WhiteElo "1819"]
[BlackElo "1646"]
[PlyCount "51"]
[EventDate "2010.10.09"]
[EventType "tourn"]
[EventRounds "13"]
[EventCountry "BRA"]
[SourceTitle "EXT 2022"]
[Source "ChessBase"]
[SourceDate "2021.10.06"]
[SourceVersion "1"]
[SourceVersionDate "2021.10.06"]
[SourceQuality "1"]

1. d4 d5 2. c4 e6 3. Nc3 Be7 4. Nf3 Nd7 5. cxd5 Nb6 6. dxe6 Bxe6 7. e4 c6 8. Be2 Nf6 9. 0-0 0-0 10. b3 Bb4 11. Bb2 Qe7 12. a3 Bxc3 13. Bxc3 Nxe4 14. Bb4 c5 15. dxc5 Nxc5 16. Rc1 Rac8 17. Re1 Rfd8 18. Qc2 Qc7 19. Bxc5 Qf4 20. Qb2 Bg4 21. Ne5 Bxe2 22. Qxe2 Rd2 23. Qf3 Qg5 24. Qxf7+ Kh8 25. Nf3 Qh6 26. Re8+ 1-0

[Event "Campinas Oficina do Estudante 21st LCX"]
[Site "Campinas"]
[Date "2010.10.17"]
[Round "8"]
[White "Do Prado, Andrielle Souza Bri"]
[Black "Milanelo, Carlos Alberto"]
[Result "1/2-1/2"]
[WhiteElo "1819"]
[BlackElo "1870"]
[PlyCount "34"]
[EventDate "2010.10.09"]
[EventType "tourn"]
[EventRounds "13"]
[EventCountry "BRA"]
[SourceTitle "EXT 2022"]
[Source "ChessBase"]
[SourceDate "2021.10.06"]
[SourceVersion "1"]
[SourceVersionDate "2021.10.06"]
[SourceQuality "1"]

1. e4 e6 2. d4 d5 3. Nc3 dxe4 4. Nxe4 Nf6 5. Bg5 Be7 6. Nxf6+ Bxf6 7. Bxf6 Qxf6 8. Nf3 0-0 9. Bd3 c5 10. 0-0 cxd4 11. Nxd4 Bd7 12. c3 Nc6 13. Nxc6 Bxc6 14. Qe2 Rad8 15. Rad1 Rfe8 16. Be4 Bxe4 17. Qxe4 b6 1/2-1/2

[Event "Itu LCX 20th"]
[Site "Itu"]
[Date "2010.08.25"]
[Round "11"]
[White "Goncalves, Henrique Machado"]
[Black "Do Prado, Andrielle Souza Bri"]
[Result "1-0"]
[WhiteElo "1636"]
[BlackElo "1819"]
[PlyCount "61"]
[EventDate "2010.08.14"]
[EventType "tourn"]
[EventRounds "13"]
[EventCountry "BRA"]
[SourceTitle "EXT 2022"]
[Source "ChessBase"]
[SourceDate "2021.10.06"]
[SourceVersion "1"]
[SourceVersionDate "2021.10.06"]
[SourceQuality "1"]

1. e4 c5 2. Nf3 d6 3. d4 cxd4 4. Nxd4 Nf6 5. Nc3 a6 6. Be3 e6 7. Bd3 b5 8. a3 Bb7 9. 0-0 Nbd7 10. f3 d5 11. Kh1 e5 12. Nde2 d4 13. Nxd4 exd4 14. Bxd4 Bc5 15. Bxc5 Nxc5 16. e5 Nxd3 17. exf6 Nxb2 18. fxg7 Rg8 19. Re1+ Qe7 20. Rxe7+ Kxe7 21. Qe2+ Kf6 22. Re1 Kxg7 23. Qe5+ Kf8 24. Ne4 Nc4 25. Qc7 Bxe4 26. fxe4 Rg6 27. Rf1 Rg7 28. e5 Re8 29. Rf5 Kg8 30. Qd7 Rf8 31. e6 1-0